|
|
|
|
| LEADER |
00959nam a2200241 a 4500 |
| 001 |
28429 |
| 008 |
141019s2012 paua 000 1 eng d |
| 010 |
|
|
|a 77376364
|
| 020 |
|
|
|a 9847002001779
|
| 040 |
|
|
|a DLC
|c DLC
|d DLC
|d BD-DhAAL
|
| 050 |
0 |
0 |
|a PR3330.A2
|b V4 1976
|
| 082 |
0 |
0 |
|a 823/.4
|2 22
|
| 100 |
1 |
|
|a Bunyan, John,
|d 1628-1688.
|
| 245 |
1 |
4 |
|a The pilgrim's progress /
|c John Bunyan
|
| 260 |
|
|
|a Dhaka :
|b Friends Book Corner,
|c 2012
|
| 300 |
|
|
|a 380 p. :
|b ill. ;
|c 23 cm.
|
| 490 |
|
0 |
|a Friends Classics
|
| 500 |
|
|
|a with an introduction, marginal notes and a Glossary by FBC editorial Board
|
| 541 |
|
|
|a 28429
|
| 650 |
|
0 |
|a Christian pilgrims and pilgrimages
|x Fiction.
|
| 655 |
|
7 |
|a Christian fiction.
|2 gsafd
|
| 999 |
|
|
|c 32963
|d 32963
|
| 952 |
|
|
|0 0
|1 0
|4 0
|6 823_400000000000000_BUN
|7 0
|9 43898
|a BRACUL
|b BRACUL
|c GEN
|d 2014-10-21
|e Friends Book Corner
|g 125.00
|l 1
|o 823.4 BUN
|p 3010028429
|r 2023-03-01
|s 2023-02-22
|t 1
|w 2014-10-21
|y BK
|x Transferred from BIL to BRACUL on 06/06/22
|